00805nam a22002057a 450000100060000000300090000600500170001500800410003202000180007304000650009108200190015624500870017525000120026226000340027430000470030849000480035550000940040350400510049765000510054817021BD-DhUAP20200119102059.0200119s2010 ii a b 001 0 eng d a9788131722879 aDLCcDLCdBAKERdBTCTAdBD-DhUAPdYDXCPdUKMdDLCdBD-DhAAL 00a005.11 OBJ22300aObject-oriented analysis and design with applications /cGrady Booch ... [et al.]. a3rd ed. aNew Delhi :bPearson,cc2010. axxiii, 699 pages :billustration ;c25 cm.0 aThe Addison-Wesley object technology series aRev. ed. of: Object-oriented analysis and design with applications / Grady Booch, 2nd ed. aIncludes bibliographical references and index. 0aObject-oriented programming (Computer science)